| 000 | 01070nmc a2200385 a 4500 | ||
|---|---|---|---|
| 003 | AR-BaBNM | ||
| 005 | 20251128210727.0 | ||
| 008 | 011020s1996 ||||||||||||||000 | spa|| | ||
| 020 | _a950-534-005-2 | ||
| 040 | _cAR-BaBNM | ||
| 110 | 1 | _aArgentina | |
| 240 | 1 | 0 | _a[Leyes, etc.] |
| 245 | 1 | 0 |
_aCódigo Civil de la República Argentina _bcon las notas de Vélez Sarsfield y legislación complementaria |
| 250 | _a22ª ed. | ||
| 260 |
_aBuenos Aires _bA-Z editora _c1996 |
||
| 300 | 1 | _axxii, 1408 p. | |
| 490 | 0 | _aCódigos A.Z. | |
| 500 | 0 | _aIncluye Separata al Código Civil | |
| 650 | 4 | _aDERECHO CIVIL | |
| 650 | 4 | _aPERSONAS JURIDICAS | |
| 650 | 4 | _aFAMILIA | |
| 650 | 4 | _aMATRIMONIO | |
| 650 | 4 | _aPARENTESCO | |
| 650 | 4 | _aDERECHO DE FAMILIA | |
| 650 | 4 | _aOBLIGACIONES | |
| 650 | 4 | _aACTOS JURIDICOS | |
| 650 | 4 | _aCONTRATOS | |
| 650 | 4 | _aDERECHO SUCESORIO | |
| 650 | 4 | _aCODIGO CIVIL | |
| 650 | 4 | _aLEGISLACION ARGENTINA | |
| 653 | _aDERECHOS REALES | ||
| 700 | 1 |
_aVélez Sarsfield, Dalmacio _ecomentarista |
|
| 942 | _cBK | ||
| 998 | _cMarta | ||
| 999 |
_c16628 _d16628 |
||